[Event "Montreal Mercredi 08"]
[Site "Montreal CAN"]
[Date "2013.09.04"]
[Round "2"]
[White "Rondon, Luciano"]
[Black "Lopez Linares, Cesar"]
[Result "0-1"]
[WhiteElo "1888"]
[BlackElo "1888"]
[PlyCount "48"]
[GameId "2160767909229713"]
[EventDate "2013.08.28"]
[EventType "swiss"]
[EventRounds "5"]
[EventCountry "CAN"]
[SourceTitle "EXT 2022"]
[Source "ChessBase"]
[SourceDate "2021.10.06"]
[SourceVersion "1"]
[SourceVersionDate "2021.10.06"]
[SourceQuality "1"]

1. d4 Nf6 2. c4 e6 3. Nc3 Bb4 4. Qc2 d5 5. a3 Bxc3+ 6. Qxc3 Ne4 7. Qc2 c5 8. dxc5 Nc6 9. Nf3 Qa5+ 10. Bd2 Qxc5 11. e3 Nxd2 12. Qxd2 dxc4 13. Qc3 O-O 14. Qxc4 Qh5 15. Bd3 e5 16. O-O Bg4 17. Be4 Rac8 18. Qb5 f5 19. Bd5+ Kh8 20. h3 Bxh3 21. gxh3 Qxh3 22. Nh2 Rf6 23. Bg2 Rg6 24. Qd5 e4 0-1

[Event "Montreal Mercredi 08"]
[Site "Montreal CAN"]
[Date "2013.09.04"]
[Round "2"]
[White "Saha, Ananda"]
[Black "Dobrev, Martin"]
[Result "0-1"]
[WhiteElo "1805"]
[BlackElo "1846"]
[PlyCount "68"]
[GameId "2160767909229714"]
[EventDate "2013.08.28"]
[EventType "swiss"]
[EventRounds "5"]
[EventCountry "CAN"]
[SourceTitle "EXT 2022"]
[Source "ChessBase"]
[SourceDate "2021.10.06"]
[SourceVersion "1"]
[SourceVersionDate "2021.10.06"]
[SourceQuality "1"]

1. d4 d5 2. c4 c6 3. Nf3 Nf6 4. Nc3 e6 5. e3 Nbd7 6. Bd3 dxc4 7. Bxc4 b5 8. Bd3 Bb7 9. O-O a6 10. Qc2 c5 11. Be4 Nxe4 12. Nxe4 Rc8 13. Qd3 c4 14. Qc2 Be7 15. Nfd2 O-O 16. f4 Qb6 17. Ng5 Bxg5 18. fxg5 e5 19. Nf3 Bxf3 20. Rxf3 exd4 21. exd4 Qxd4+ 22. Be3 Qe5 23. Rd1 Nc5 24. Bd4 Qe4 25. Qc3 Rfd8 26. Re3 Qg6 27. Rde1 Ne6 28. Be5 Rd5 29. b3 Rdc5 30. h4 cxb3 31. Qxb3 Rc2 32. Bd6 Qf5 33. Rf3 Qg4 34. Rg3 Qd4+ 0-1

[Event "Montreal Mercredi 08"]
[Site "Montreal CAN"]
[Date "2013.09.04"]
[Round "2"]
[White "Struben, Jeroen"]
[Black "Fortin-Lavoie, Patrice"]
[Result "1-0"]
[WhiteElo "1630"]
[BlackElo "1625"]
[PlyCount "76"]
[GameId "2160767909229715"]
[EventDate "2013.08.28"]
[EventType "swiss"]
[EventRounds "5"]
[EventCountry "CAN"]
[SourceTitle "EXT 2022"]
[Source "ChessBase"]
[SourceDate "2021.10.06"]
[SourceVersion "1"]
[SourceVersionDate "2021.10.06"]
[SourceQuality "1"]

1. d4 Nf6 2. c4 g6 3. Nc3 Bg7 4. g3 O-O 5. Bg2 d6 6. Nf3 Nbd7 7. O-O Nb6 8. b3 Bd7 9. e4 c5 10. h3 Qc8 11. Kh2 cxd4 12. Nxd4 Qc7 13. Be3 Bc6 14. Qe2 Nbd7 15. b4 Nb6 16. Rac1 Rfd8 17. Rfd1 e6 18. Ncb5 Qe7 19. e5 dxe5 20. Nxc6 bxc6 21. Bxc6 Rxd1 22. Rxd1 Rc8 23. Bc5 Ng4+ 24. Qxg4 Qf6 25. Qf3 Nxc4 26. Qxf6 Bxf6 27. Bf3 a5 28. Nd6 Nxd6 29. Rxd6 axb4 30. Rc6 Rb8 31. Bd6 Rd8 32. Bxb4 Kg7 33. Rc7 h5 34. Bc6 h4 35. g4 Rd4 36. Be7 Rd2 37. Bxf6+ Kxf6 38. Kg2 Rxa2 1-0

[Event "Montreal Mercredi 08"]
[Site "Montreal CAN"]
[Date "2013.09.04"]
[Round "2"]
[White "Tremblay, Alain"]
[Black "Chabot, Roland"]
[Result "1/2-1/2"]
[WhiteElo "2106"]
[BlackElo "2118"]
[PlyCount "58"]
[GameId "2160767909229716"]
[EventDate "2013.08.28"]
[EventType "swiss"]
[EventRounds "5"]
[EventCountry "CAN"]
[SourceTitle "EXT 2022"]
[Source "ChessBase"]
[SourceDate "2021.10.06"]
[SourceVersion "1"]
[SourceVersionDate "2021.10.06"]
[SourceQuality "1"]

1. e4 c5 2. Nf3 e6 3. c3 d5 4. exd5 exd5 5. d4 c4 6. b3 cxb3 7. axb3 Nc6 8. Bd3 Bd6 9. O-O Bg4 10. Re1+ Nge7 11. Na3 h6 12. h3 Be6 13. Nb5 Bb8 14. Bd2 O-O 15. c4 a6 16. c5 Bf5 17. Bc3 Bf4 18. Na3 Bxd3 19. Qxd3 Ng6 20. g3 Bc7 21. Nc2 Qd7 22. Kg2 Rae8 23. Rxe8 Rxe8 24. b4 Nd8 25. Ne3 Ne6 26. Qf5 Rd8 27. Rd1 Ne7 28. Qd3 Ng6 29. Qf5 Ne7 1/2-1/2

[Event "Montreal Mercredi 08"]
[Site "Montreal CAN"]
[Date "2013.09.04"]
[Round "2"]
[White "Weston, Paul"]
[Black "Boudreau, Daniel"]
[Result "0-1"]
[WhiteElo "1984"]
[BlackElo "2031"]
[PlyCount "84"]
[GameId "2160767909229717"]
[EventDate "2013.08.28"]
[EventType "swiss"]
[EventRounds "5"]
[EventCountry "CAN"]
[SourceTitle "EXT 2022"]
[Source "ChessBase"]
[SourceDate "2021.10.06"]
[SourceVersion "1"]
[SourceVersionDate "2021.10.06"]
[SourceQuality "1"]

1. e4 c5 2. g3 Nc6 3. Bg2 e6 4. d3 g6 5. Ne2 Bg7 6. Nbc3 Nge7 7. O-O O-O 8. f4 d6 9. Be3 Nd4 10. Rb1 Qa5 11. a3 Nec6 12. Kh1 Rb8 13. g4 f5 14. exf5 gxf5 15. g5 b5 16. Ng3 b4 17. axb4 Nxb4 18. Rf2 Bb7 19. h4 d5 20. Ra1 Qc7 21. Na4 Ba6 22. h5 Rfd8 23. Bf1 c4 24. c3 Nb3 25. Ra3 d4 26. cxd4 Nxd4 27. h6 Bh8 28. Qh5 Ndc2 29. Bc5 Nxa3 30. g6 Nxd3 31. Bxd3 Rxd3 32. gxh7+ Qxh7 33. Qg5+ Bg7 34. Rh2 Rd1+ 35. Kg2 Rd2+ 36. Bf2 Nc2 37. Nf1 Ne1+ 38. Kg3 Rd3+ 39. Ne3 Nc2 40. Kf3 Nd4+ 41. Kg2 Bb7+ 42. Kf1 Nf3 0-1

[Event "Montreal Mercredi 08"]
[Site "Montreal CAN"]
[Date "2013.09.11"]
[Round "2"]
[White "Boudreau, Daniel"]
[Black "Cloutier, Mathieu"]
[Result "1-0"]
[WhiteElo "2031"]
[BlackElo "2088"]
[PlyCount "75"]
[GameId "2160767909229718"]
[EventDate "2013.08.28"]
[EventType "swiss"]
[EventRounds "5"]
[EventCountry "CAN"]
[SourceTitle "EXT 2022"]
[Source "ChessBase"]
[SourceDate "2021.10.06"]
[SourceVersion "1"]
[SourceVersionDate "2021.10.06"]
[SourceQuality "1"]

1. e4 c5 2. f4 Nc6 3. Nf3 g6 4. Bb5 Bg7 5. O-O e6 6. Bxc6 bxc6 7. c4 Ne7 8. Nc3 O-O 9. d3 d5 10. Qe1 Ba6 11. b3 Qc7 12. Bd2 Rad8 13. Rd1 dxc4 14. dxc4 Rd7 15. Be3 Rfd8 16. Rxd7 Rxd7 17. e5 Nf5 18. Ne4 Nxe3 19. Qxe3 Rd8 20. Qf2 f6 21. exf6 Qxf4 22. Nxc5 Bxf6 23. Nxe6 Qd6 24. Nxd8 Qxd8 25. Qxa7 Bc8 26. Kh1 Bg4 27. Qe3 Qa5 28. Qf4 Bf5 29. Qb8+ Kg7 30. Qb7+ Kh6 31. Qxc6 Be7 32. a4 Qc3 33. h3 Qd3 34. Re1 Bb4 35. Rg1 Bd6 36. c5 Bg3 37. Qf6 Bf2 38. Qf8+ 1-0

[Event "Montreal Mercredi 08"]
[Site "Montreal CAN"]
[Date "2013.09.20"]
[Round "2"]
[White "Leveille, Francois"]
[Black "Levkovsky, Alexandre"]
[Result "1/2-1/2"]
[WhiteElo "2323"]
[BlackElo "2267"]
[PlyCount "99"]
[GameId "2160767909229719"]
[EventDate "2013.08.28"]
[EventType "swiss"]
[EventRounds "5"]
[EventCountry "CAN"]
[SourceTitle "EXT 2022"]
[Source "ChessBase"]
[SourceDate "2021.10.06"]
[SourceVersion "1"]
[SourceVersionDate "2021.10.06"]
[SourceQuality "1"]

1. e4 e5 2. Nf3 Nc6 3. d4 exd4 4. Nxd4 Bc5 5. Nxc6 bxc6 6. Bd3 d5 7. O-O dxe4 8. Bxe4 Qxd1 9. Rxd1 Bd7 10. Nd2 Nf6 11. Bf3 O-O-O 12. Nb3 Bb6 13. c4 Be6 14. Rxd8+ Rxd8 15. c5 Bxb3 16. cxb6 Bd5 17. bxa7 Kb7 18. Be3 Bxf3 19. gxf3 Rd5 20. b4 Nd7 21. a4 c5 22. bxc5 c6 23. Rc1 Kxa7 24. Bf4 Ka6 25. Bd6 f6 26. f4 Ka5 27. Rc4 f5 28. Kg2 Nf6 29. Bc7+ Ka6 30. Be5 Ne4 31. Bxg7 Rxc5 32. Rxc5 Nxc5 33. Bd4 Nxa4 34. Kg3 Kb5 35. Kh4 Kc4 36. Be3 Kd5 37. Kg5 Ke6 38. Kh6 c5 39. Kxh7 Kf6 40. Kh6 c4 41. Bd4+ Kf7 42. Kg5 c3 43. Kxf5 c2 44. Be3 Nc3 45. h4 Ne2 46. h5 c1=Q 47. Bxc1 Nxc1 48. f3 Ne2 49. Ke5 Ng1 50. Ke4 1/2-1/2

[Event "Montreal Mercredi 08"]
[Site "Montreal CAN"]
[Date "2013.09.11"]
[Round "3"]
[White "Dobrev, Martin"]
[Black "Rondon, Luciano"]
[Result "1-0"]
[WhiteElo "1846"]
[BlackElo "1888"]
[PlyCount "41"]
[GameId "2160767909229721"]
[EventDate "2013.08.28"]
[EventType "swiss"]
[EventRounds "5"]
[EventCountry "CAN"]
[SourceTitle "EXT 2022"]
[Source "ChessBase"]
[SourceDate "2021.10.06"]
[SourceVersion "1"]
[SourceVersionDate "2021.10.06"]
[SourceQuality "1"]

1. c4 e5 2. Nc3 Nc6 3. g3 g6 4. Bg2 Bg7 5. e3 d6 6. Nge2 Nge7 7. O-O O-O 8. a3 Be6 9. d3 a5 10. Rb1 d5 11. Qb3 dxc4 12. dxc4 Qc8 13. Nd5 Rb8 14. Bd2 b5 15. cxb5 Nxd5 16. Bxd5 Bxd5 17. Qxd5 Rd8 18. Qxc6 Rxd2 19. Nc3 Rb6 20. Qc4 Rbd6 21. Ne4 1-0

[Event "Montreal Mercredi 08"]
[Site "Montreal CAN"]
[Date "2013.09.11"]
[Round "3"]
[White "Fortin-Lavoie, Patrice"]
[Black "Ostaci, Liviu"]
[Result "1-0"]
[WhiteElo "1625"]
[BlackElo "1681"]
[PlyCount "55"]
[GameId "2160767909229722"]
[EventDate "2013.08.28"]
[EventType "swiss"]
[EventRounds "5"]
[EventCountry "CAN"]
[SourceTitle "EXT 2022"]
[Source "ChessBase"]
[SourceDate "2021.10.06"]
[SourceVersion "1"]
[SourceVersionDate "2021.10.06"]
[SourceQuality "1"]

1. Nf3 c5 2. g3 Nf6 3. Bg2 g6 4. O-O Bg7 5. d4 cxd4 6. Nxd4 O-O 7. Nc3 Nc6 8. Nb3 d6 9. a4 Bd7 10. h3 Rc8 11. a5 Qc7 12. a6 b6 13. Nb5 Qb8 14. N5d4 Nxd4 15. Nxd4 Qc7 16. c3 Rcd8 17. Qb3 e5 18. Nb5 Bxb5 19. Qxb5 Qc5 20. Qb3 d5 21. Be3 Qd6 22. Rfd1 h6 23. Ra4 Qe6 24. Qc2 Rc8 25. Qd2 e4 26. Bxh6 Rcd8 27. Bg5 Nh5 28. Bxd8 1-0

[Event "Montreal Mercredi 08"]
[Site "Montreal CAN"]
[Date "2013.09.11"]
[Round "3"]
[White "Gauthier, Luc"]
[Black "Struben, Jeroen"]
[Result "1-0"]
[WhiteElo "1749"]
[BlackElo "1630"]
[PlyCount "77"]
[GameId "2160767909229723"]
[EventDate "2013.08.28"]
[EventType "swiss"]
[EventRounds "5"]
[EventCountry "CAN"]
[SourceTitle "EXT 2022"]
[Source "ChessBase"]
[SourceDate "2021.10.06"]
[SourceVersion "1"]
[SourceVersionDate "2021.10.06"]
[SourceQuality "1"]

1. e4 d6 2. d4 Nf6 3. Nc3 g6 4. Be3 c6 5. Qd2 b5 6. f3 Nbd7 7. Nge2 Bg7 8. Bh6 Bxh6 9. Qxh6 Qa5 10. Ng3 Ba6 11. Qd2 Nb6 12. Be2 b4 13. Nd1 Bxe2 14. Qxe2 O-O 15. O-O Rac8 16. f4 c5 17. c3 cxd4 18. cxd4 Rc4 19. e5 Nfd5 20. Qd3 Rfc8 21. exd6 exd6 22. f5 Nd7 23. fxg6 hxg6 24. b3 Rc2 25. Ne4 Qb6 26. Kh1 Qc6 27. Qf3 f5 28. Qg3 Ne7 29. Nxd6 Rf8 30. Nc4 f4 31. Qf3 Qf6 32. Qe4 Qf5 33. Qxe7 Rxg2 34. Kxg2 Qg4+ 35. Kh1 Rf7 36. Qe4 Rh7 37. Qxf4 Qe2 38. Qf2 Qe4+ 39. Qg2 1-0

[Event "Montreal Mercredi 08"]
[Site "Montreal CAN"]
[Date "2013.09.11"]
[Round "3"]
[White "Heredia, Jose"]
[Black "Saha, Ananda"]
[Result "1/2-1/2"]
[WhiteElo "1811"]
[BlackElo "1805"]
[PlyCount "51"]
[GameId "2160767909229724"]
[EventDate "2013.08.28"]
[EventType "swiss"]
[EventRounds "5"]
[EventCountry "CAN"]
[SourceTitle "EXT 2022"]
[Source "ChessBase"]
[SourceDate "2021.10.06"]
[SourceVersion "1"]
[SourceVersionDate "2021.10.06"]
[SourceQuality "1"]

1. e4 c5 2. Nc3 e6 3. f4 Nc6 4. Nf3 Nge7 5. Bb5 a6 6. Bxc6 Nxc6 7. O-O Be7 8. a3 b5 9. d3 Bb7 10. Qe1 O-O 11. Qg3 f5 12. e5 Qb6 13. Be3 Nd4 14. Bxd4 cxd4 15. Ne2 Rac8 16. Rac1 Bxf3 17. gxf3 a5 18. Kh1 Rf7 19. h4 g6 20. Ng1 Rg7 21. Nh3 h6 22. Rg1 Kf7 23. Rg2 Rh8 24. Kg1 Qd8 25. Qf2 Qb6 26. c3 1/2-1/2

[Event "Montreal Mercredi 08"]
[Site "Montreal CAN"]
[Date "2013.09.11"]
[Round "3"]
[White "Lamoureux, Yvon"]
[Black "Cote, Philippe"]
[Result "0-1"]
[WhiteElo "1688"]
[BlackElo "1753"]
[PlyCount "110"]
[GameId "2160767909229725"]
[EventDate "2013.08.28"]
[EventType "swiss"]
[EventRounds "5"]
[EventCountry "CAN"]
[SourceTitle "EXT 2022"]
[Source "ChessBase"]
[SourceDate "2021.10.06"]
[SourceVersion "1"]
[SourceVersionDate "2021.10.06"]
[SourceQuality "1"]

1. e4 d6 2. Nf3 Nf6 3. Nc3 g6 4. d4 Bg7 5. Be2 O-O 6. h3 c5 7. O-O cxd4 8. Nxd4 Nc6 9. Be3 e5 10. Nb3 Be6 11. Qd2 d5 12. exd5 Nxd5 13. Nxd5 Qxd5 14. Bf3 e4 15. Be2 Qxd2 16. Nxd2 f5 17. f4 Nd4 18. Bd1 Rfd8 19. c3 Nc6 20. Be2 Rab8 21. Rfc1 b5 22. a3 Na5 23. Rd1 a6 24. Kf2 Kf7 25. Nf1 Nc4 26. Bc1 Bf6 27. Ne3 Nxe3 28. Bxe3 Bb3 29. Rxd8 Rxd8 30. a4 Bxa4 31. c4 Bxb2 32. Rb1 Bd4 33. cxb5 Bxe3+ 34. Kxe3 Bxb5 35. Bxb5 axb5 36. Rxb5 Rd3+ 37. Ke2 Ke6 38. Re5+ Kd6 39. Kf2 Rd5 40. Re8 Kc7 41. Re7+ Rd7 42. Re5 Kc6 43. g4 Rd2+ 44. Kg3 Rd3+ 45. Kg2 Rd5 46. Re7 Rd2+ 47. Kg3 Rd3+ 48. Kg2 Rf3 49. gxf5 gxf5 50. Rxh7 Rxf4 51. h4 e3 52. h5 Kd6 53. h6 e2 54. Rh8 e1=Q 55. Rd8+ Kc7 0-1

[Event "Montreal Mercredi 08"]
[Site "Montreal CAN"]
[Date "2013.09.11"]
[Round "3"]
[White "Levkovsky, Alexandre"]
[Black "Tremblay, Alain"]
[Result "1/2-1/2"]
[WhiteElo "2267"]
[BlackElo "2106"]
[PlyCount "118"]
[GameId "2160767909229726"]
[EventDate "2013.08.28"]
[EventType "swiss"]
[EventRounds "5"]
[EventCountry "CAN"]
[SourceTitle "EXT 2022"]
[Source "ChessBase"]
[SourceDate "2021.10.06"]
[SourceVersion "1"]
[SourceVersionDate "2021.10.06"]
[SourceQuality "1"]

1. e4 e5 2. Nf3 Nc6 3. Bb5 a6 4. Bxc6 dxc6 5. Nc3 Bd6 6. d4 Bg4 7. dxe5 Bxf3 8. Qxf3 Bxe5 9. Bf4 Qe7 10. Bxe5 Qxe5 11. Qg3 Qxg3 12. hxg3 O-O-O 13. Rd1 Nf6 14. Rxd8+ Kxd8 15. Ke2 Ke7 16. f3 h6 17. Rd1 h5 18. Ke3 Rh6 19. e5 Nd7 20. f4 f6 21. exf6+ Nxf6 22. Kf3 Rg6 23. Re1+ Kf7 24. Re5 Rh6 25. Ne4 Nxe4 26. Kxe4 g6 27. Kf3 Rh8 28. g4 hxg4+ 29. Kxg4 Kf6 30. Kf3 Rd8 31. g4 Rd2 32. Re2 Rd8 33. Rh2 Kg7 34. Ke3 c5 35. Rd2 Re8+ 36. Kf3 Re7 37. Rd5 b6 38. a4 a5 39. b3 Kf6 40. Rd3 Kf7 41. Rd8 Kf6 42. Rd5 Rf7 43. g5+ Ke6 44. Re5+ Kd6 45. Ke4 Rh7 46. Re8 Rh1 47. c4 Kd7 48. Re5 Rh7 49. Rd5+ Ke7 50. f5 Rh4+ 51. Ke5 gxf5 52. Kxf5 Rh3 53. Kg6 Rxb3 54. Re5+ Kf8 55. Rf5+ Ke7 56. Kg7 Rg3 57. Re5+ Kd6 58. Rf5 Rg4 59. Rf6+ Kd7 1/2-1/2

[Event "Montreal Mercredi 08"]
[Site "Montreal CAN"]
[Date "2013.09.11"]
[Round "3"]
[White "Lopez Linares, Cesar"]
[Black "Khudaverdian, Berj"]
[Result "1-0"]
[WhiteElo "1888"]
[BlackElo "1770"]
[PlyCount "51"]
[GameId "2160767909229727"]
[EventDate "2013.08.28"]
[EventType "swiss"]
[EventRounds "5"]
[EventCountry "CAN"]
[SourceTitle "EXT 2022"]
[Source "ChessBase"]
[SourceDate "2021.10.06"]
[SourceVersion "1"]
[SourceVersionDate "2021.10.06"]
[SourceQuality "1"]

1. d4 Nf6 2. c4 e6 3. Nc3 c5 4. d5 exd5 5. cxd5 d6 6. e4 g6 7. h3 Bg7 8. Nf3 O-O 9. Bd3 Re8 10. O-O Na6 11. Bf4 c4 12. Bc2 b5 13. Nxb5 Nxe4 14. Re1 Bf5 15. Qb1 Rb8 16. Nbd4 Nc3 17. Qc1 Rxe1+ 18. Qxe1 Bxd4 19. Nxd4 Qf6 20. Bh6 Bd7 21. Qxc3 g5 22. Nf5 Qxc3 23. bxc3 Nc5 24. Ne7+ Kh8 25. Bxg5 Rb2 26. Bf6# 1-0

[Event "Montreal Mercredi 08"]
[Site "Montreal CAN"]
[Date "2013.09.11"]
[Round "3"]
[White "Lopez Linares, Lizandro"]
[Black "Nardone, Raul"]
[Result "1/2-1/2"]
[WhiteElo "2059"]
[BlackElo "1961"]
[PlyCount "37"]
[GameId "2160767909229728"]
[EventDate "2013.08.28"]
[EventType "swiss"]
[EventRounds "5"]
[EventCountry "CAN"]
[SourceTitle "EXT 2022"]
[Source "ChessBase"]
[SourceDate "2021.10.06"]
[SourceVersion "1"]
[SourceVersionDate "2021.10.06"]
[SourceQuality "1"]

1. d4 f5 2. g3 Nf6 3. Bg2 d5 4. c4 c6 5. Nc3 e6 6. Nf3 Bd6 7. O-O O-O 8. Bf4 Bxf4 9. gxf4 Bd7 10. c5 Be8 11. b4 Bh5 12. Qd3 Ne4 13. Rab1 Bxf3 14. Bxf3 Qh4 15. Bxe4 fxe4 16. Qg3 Qh6 17. b5 cxb5 18. Rxb5 Nc6 19. Qg5 1/2-1/2

[Event "Montreal Mercredi 08"]
[Site "Montreal CAN"]
[Date "2013.09.11"]
[Round "3"]
[White "Valle-Romo, Ricardo"]
[Black "Weston, Paul"]
[Result "1/2-1/2"]
[WhiteElo "2025"]
[BlackElo "1984"]
[PlyCount "100"]
[GameId "2160767909229729"]
[EventDate "2013.08.28"]
[EventType "swiss"]
[EventRounds "5"]
[EventCountry "CAN"]

1. Nf3 c5 2. e4 d6 3. Bb5+ Bd7 4. Qe2 Bxb5 5. Qxb5+ Qd7 6. a4 Nc6 7. O-O g6 8. Nc3 Bg7 9. Nd5 e6 10. Ne3 Nge7 11. c3 O-O 12. d4 a6 13. Qd3 cxd4 14. Nxd4 d5 15. Nb3 Ne5 16. Qc2 dxe4 17. Qxe4 f5 18. Qb4 f4 19. Nc5 Qc6 20. Nc4 Nd5 21. Nxe5 Bxe5 22. Qe4 Qxc5 23. Qxe5 Rae8 24. Bd2 Rf5 25. Qe4 e5 26. c4 Nf6 27. Qxb7 Qxc4 28. Rfc1 Qe2 29. Be1 Qg4 30. f3 Qh5 31. Rc7 g5 32. Rg7+ Kh8 33. h3 Qh6 34. Rf7 Qg6 35. Bc3 h5 36. Rd1 g4 37. fxg4 hxg4 38. hxg4 Qxg4 39. Rd3 Nh5 40. Rh7+ Kg8 41. Rdd7 Qg6 42. Qd5+ Qe6 43. Qxe6+ Rxe6 44. Rhe7 Rxe7 45. Rxe7 f3 46. gxf3 Rxf3 47. Kg2 Rf5 48. Rxe5 Nf4+ 49. Kf3 Nd3+ 50. Ke4 Nc5+ 1/2-1/2

[Event "Montreal Mercredi 08"]
[Site "Montreal CAN"]
[Date "2013.09.18"]
[Round "4"]
[White "Cloutier, Mathieu"]
[Black "Valle-Romo, Ricardo"]
[Result "1-0"]
[WhiteElo "2088"]
[BlackElo "2025"]
[PlyCount "111"]
[GameId "2160767909229730"]
[EventDate "2013.08.28"]
[EventType "swiss"]
[EventRounds "5"]
[EventCountry "CAN"]

1. e4 b6 2. d4 Bb7 3. Bd3 e6 4. Nf3 Ne7 5. O-O Ng6 6. c4 a5 7. Nc3 Bb4 8. e5 Bxc3 9. bxc3 f5 10. Ng5 Kf8 11. Qh5 Qe8 12. g4 h6 13. gxf5 Ne7 14. Qh3 Kg8 15. Nf3 exf5 16. Bxf5 Qf7 17. Bg4 h5 18. Ng5 Qe8 19. Bf3 Bxf3 20. Qxf3 Nbc6 21. Qe4 h4 22. d5 Na7 23. f4 g6 24. e6 d6 25. Be3 Nf5 26. Bd4 Rh5 27. Kf2 Qe7 28. Rg1 Rf8 29. Nf7 Rxf7 30. exf7+ Kxf7 31. Rae1 Qxe4 32. Rxe4 Nc8 33. Re6 Nce7 34. Rf6+ Ke8 35. Rg5 Rh6 36. Re6 Kd7 37. Re1 b5 38. cxb5 Nxd5 39. Kf3 h3 40. Reg1 c5 41. bxc6+ Kxc6 42. Bf2 Nde7 43. Rb1 Rh8 44. Rb6+ Kd7 45. Ra6 Rc8 46. Be1 Rc5 47. Kg4 Rb5 48. Kxh3 Rb1 49. Bg3 Rc1 50. Rxa5 Rxc3 51. a4 Ra3 52. Rxg6 Nxg6 53. Rxf5 Rxa4 54. Rf6 Nh8 55. f5 Rd4 56. Rf8 1-0

[Event "Montreal Mercredi 08"]
[Site "Montreal CAN"]
[Date "2013.09.18"]
[Round "4"]
[White "Cote, Philippe"]
[Black "Fortin-Lavoie, Patrice"]
[Result "0-1"]
[WhiteElo "1753"]
[BlackElo "1625"]
[PlyCount "50"]
[GameId "2160767909229731"]
[EventDate "2013.08.28"]
[EventType "swiss"]
[EventRounds "5"]
[EventCountry "CAN"]
[SourceTitle "EXT 2022"]
[Source "ChessBase"]
[SourceDate "2021.10.06"]
[SourceVersion "1"]
[SourceVersionDate "2021.10.06"]
[SourceQuality "1"]

1. e4 c5 2. Nf3 e6 3. d3 d5 4. Nbd2 Nc6 5. g3 Nf6 6. Bg2 Be7 7. O-O O-O 8. Re1 b5 9. e5 Nd7 10. Nf1 Bb7 11. h4 Qc7 12. Bf4 d4 13. N1h2 Nb4 14. Ng4 h5 15. Ngh2 Rfd8 16. Ng5 Bxg5 17. hxg5 Bxg2 18. Kxg2 g6 19. g4 Qc6+ 20. Kg1 h4 21. Nf3 Nxc2 22. Nd2 Nxa1 23. Ne4 c4 24. Qf3 Kg7 25. Rxa1 Nc5 0-1

[Event "Montreal Mercredi 08"]
[Site "Montreal CAN"]
[Date "2013.09.18"]
[Round "4"]
[White "Gauthier, Luc"]
[Black "Lamoureux, Yvon"]
[Result "0-1"]
[WhiteElo "1749"]
[BlackElo "1688"]
[PlyCount "74"]
[GameId "2160767909229732"]
[EventDate "2013.08.28"]
[EventType "swiss"]
[EventRounds "5"]
[EventCountry "CAN"]
[SourceTitle "EXT 2022"]
[Source "ChessBase"]
[SourceDate "2021.10.06"]
[SourceVersion "1"]
[SourceVersionDate "2021.10.06"]
[SourceQuality "1"]

1. e4 c5 2. Nc3 Nc6 3. g3 g6 4. Bg2 d6 5. d3 Bg7 6. f4 e6 7. Nf3 Nge7 8. O-O O-O 9. Be3 Nd4 10. e5 Nxf3+ 11. Qxf3 dxe5 12. Bxc5 exf4 13. Qxf4 e5 14. Qf2 a6 15. Ne4 f5 16. Nd6 Qc7 17. Nxc8 Raxc8 18. Bxe7 Qxe7 19. Bd5+ Kh8 20. c3 Rfd8 21. c4 Rc5 22. Rae1 Qc7 23. Qf3 Qd6 24. Rd1 b5 25. b3 b4 26. Kg2 Ra5 27. Rf2 Ra3 28. Qe3 Ra5 29. Qf3 Rc5 30. Rff1 a5 31. Rf2 Qd7 32. Qe3 Rxd5 33. cxd5 Qxd5+ 34. Kg1 e4 35. d4 Bxd4 36. Rxd4 Qxd4 37. Qg5 e3 0-1

[Event "Montreal Mercredi 08"]
[Site "Montreal CAN"]
[Date "2013.09.18"]
[Round "4"]
[White "Khudaverdian, Berj"]
[Black "Saha, Ananda"]
[Result "0-1"]
[WhiteElo "1770"]
[BlackElo "1805"]
[PlyCount "92"]
[GameId "2160767909229733"]
[EventDate "2013.08.28"]
[EventType "swiss"]
[EventRounds "5"]
[EventCountry "CAN"]
[SourceTitle "EXT 2022"]
[Source "ChessBase"]
[SourceDate "2021.10.06"]
[SourceVersion "1"]
[SourceVersionDate "2021.10.06"]
[SourceQuality "1"]

1. Nf3 d5 2. g3 Nf6 3. d3 c5 4. Bg2 Nc6 5. O-O e5 6. Nbd2 Be7 7. e4 O-O 8. h3 d4 9. Nc4 Nd7 10. a4 b6 11. h4 a6 12. b3 Bb7 13. Bg5 f6 14. Bd2 b5 15. Nb2 Nb6 16. h5 f5 17. exf5 Rxf5 18. h6 g6 19. Bh3 Rf8 20. axb5 axb5 21. Rxa8 Bxa8 22. Bg2 Nd5 23. Re1 Nc3 24. Qc1 Nb4 25. Nxe5 Bxg2 26. Kxg2 Nba2 27. Qa1 Qd5+ 28. Kg1 Bd6 29. f4 Nb4 30. Qa7 Bxe5 31. Rxe5 Qf7 32. Re7 Qf6 33. Rg7+ Kh8 34. Rxh7+ Kg8 35. Rg7+ Kh8 36. Qxc5 Nxc2 37. Qe5 Ne3 38. Bxe3 Qxe5 39. fxe5 dxe3 40. d4 Ne2+ 41. Kg2 Rf2+ 42. Kh3 Ng1+ 43. Kg4 Rxb2 44. e6 e2 45. Kg5 e1=Q 46. Kxg6 Qxe6+ 0-1

[Event "Montreal Mercredi 08"]
[Site "Montreal CAN"]
[Date "2013.09.18"]
[Round "4"]
[White "Leveille, Francois"]
[Black "Chabot, Roland"]
[Result "1-0"]
[WhiteElo "2323"]
[BlackElo "2118"]
[PlyCount "69"]
[GameId "2160767909229734"]
[EventDate "2013.08.28"]
[EventType "swiss"]
[EventRounds "5"]
[EventCountry "CAN"]
[SourceTitle "EXT 2022"]
[Source "ChessBase"]
[SourceDate "2021.10.06"]
[SourceVersion "1"]
[SourceVersionDate "2021.10.06"]
[SourceQuality "1"]

1. e4 d6 2. d4 Nf6 3. Bd3 e5 4. Nf3 Nc6 5. c3 g6 6. O-O Bg7 7. Re1 O-O 8. h3 Nh5 9. Bg5 f6 10. Bc1 Qe8 11. Na3 Kh8 12. Nb5 Qe7 13. c4 Nb4 14. Bf1 c6 15. Nc3 Bd7 16. Be3 Na6 17. b4 Nc7 18. Rb1 Rfd8 19. b5 cxb5 20. cxb5 b6 21. Rc1 Be8 22. Qb3 Bf8 23. a4 Bf7 24. d5 f5 25. Bg5 Nf6 26. exf5 h6 27. fxg6 Bxg6 28. Bh4 Qf7 29. Bc4 Nce8 30. Na2 Ng7 31. Nxe5 dxe5 32. d6 Qd7 33. Bxf6 Re8 34. Bxe5 Rac8 35. Qg3 1-0